000 04018nam a22003257a 4500
001 TZ 0047
003 gtcocun
005 20251013202533.0
006 a||||gr|||| 00| 0
007 ta
008 251013b2013 gt ||||| m||| 00| 0 eng d
040 _agtcocun
_bSPA
_cgtcocun
_eRDA
041 _aSPA TZ 0047
084 _0TZ 0047
100 _aRubio y Vidaurre, Bárbara Pahola
_eAutor
245 _aINFORME FINAL DEL EJERCICIO PROFESIONAL SUPERVISADO RELIZADO EN LA FUNDACIÓN PARA EL DESARROLLO Y EDUCACIÓN DE LA MUJER INDIGENA FUNDEMI, TALITA KUMI, SAN PEDRO CARCHA, ALTA VERAPAZ./
_cBárbara Pahola Rubio y Vidaurre .
_hImpreso
264 _aCobán, Alta Verapaz:
_bUniversidad de San Carlos de Guatemala, Centro Universitario del Norte, Zootecnia
_c2013
300 _a67 p.:
_bIlustraciones, gráficas.
_c28 cm;
336 _2rdacontenido
_aTexto
_btxt
337 _2rdamedio
_aComputadora
_bn
338 _2rdasoporte
_aCódigo en línea
_bcr
502 _eTZ 0047
502 _aTesis de grado
_bZootecnia,
_cUniversidad de San Carlos de Guatemala, Centro Universitario del Norte, Zootecnia
_d2013
_oTZ 0047
520 1 4 _aComo requisito para la obtención del título de licenciatura en Zootecnia del Centro Universitario del Norte (CUNOR), de la Universidad de San Carlos de Guatemala, se efectuó el Ejercicio Profesional Supervisado (EPS), el cual se realizó en la fundación Fundemi Talita Kumi, ubicada en San Pedro Carchá departamento de Alta Verapaz la cual desarrolla entre otros, proyectos pecuarios enfocados a la participación femenina del área rural. El Ejercicio Profesional Supervisado tuvo como duración ocho meses, se dió el acompañamiento al proyecto PRODILM, que tiene dentro de su funcionamiento el brindar apoyo económico, asesoría técnica a los proyectos pecuarios que se realizan en las distintas comunidades que abarca Fundemi Talita Kumi, proyectos tales como levante de pollo de engorde,(Gallusgallus) engorde de cerdos, (Sus scrofa) engorde de novillos (Bostaurus-indicus) y una cobertura en aves de traspatio. La asesoría técnica que se brindó en el proyecto PRODILM, enfocado específicamente a mujeres, estuvo basada en planificaciones que se realizaron a cada inicio de mes, en las cuales el director del proyecto, ubicaba las comunidades que requerían mayor atención para poder así acompañar y capacitar tanto a las mujeres como también a los técnicos facilitadores quienes son los responsables de brindar la asistencia en las comunidades. Dentro de las actividades que se realizaron a lo largo de la práctica están: vacunación de bovinos, cerdos y aves, capacitación en valor agregado, elaboración de embutidos, elaboración de mermeladas, manejo de cortinas, costos de producción, instalaciones de cerdos, galpones para pollo, castración de bovinos y cerdos, establecimiento de zacateras, cálculo y división de potreros. Al final del ejercicio profesional supervisado se estandarizaron las normas usadas en la carnicería Carnes del Campo, se logró la vacunación del ganado bovino en la granja internado Carolina, también se implementó un registro individual de estos para un mejor control. Las capacitaciones como la elaboración de bloques multinutricionales, manejo de cortinas y galpones para aves, instalaciones rústicas para cerdos, reproducción e inseminación en cerdas y valor agregado en menudos de pollos; cumplieron con las expectativas de las beneficiarias del proyecto, es necesario un seguimiento en capacitaciones en el área pecuaria y así poder cumplir con los resultados que se desean en el proyecto.
650 _2LEMB
_aSan Pedro Carchá, Alta Verapaz
_xZootecnia
_xPRODILM
_xTalita Kumi
_xFundemi
_xVacunación
_xCapacitaciones
700 _aLic. Zoot. Mauricio Arturo Quiroa Roldán
_eAsesor
856 _uhttps://drive.google.com/file/d/18ff7cSdrmPFxNgzPYvuMHImht658tb3T/view
_yPDF
_zUn ejemplar en línea.
942 _2ddc
_cTES
_iTZ 0047
_kClasificación
_n0
_6TZ_0047_000000000000000
999 _c2323
_d2323